Statistics for U.S. Cities with the Lowest Violent Crime Rate

Click here to take the quiz!

General Stats

  • This quiz has been taken 590 times
  • The average score is 5 of 20

Answer Stats

Rate% ChangeCities% Correct
382.2- 3.7Austin
63%
373.1- 2.1San Diego
59%
249.6+ 2.3 (2015)Honolulu
55%
406.7- 43.2Tampa
51%
371.0- 5.8El Paso
40%
403.6+ 4.7Madison
32%
117.1- 25.0Virginia Beach
27%
363.9- 26.0Mesa
23%
362.1+ 6.5Lincoln
22%
336.0+ 5.6Anaheim
21%
412.6+ 49.6 (2015)Aurora
17%
55.5+ 11.1Irvine
16%
301.6- 10.7Lexington
15%
138.7- 19.1Plano
15%
165.5- 12.1 (2015)Scottsdale
14%
236.7+ 22.0Chandler
13%
188.3+ 12.4Henderson
12%
304.3+ 22.6Chula Vista
10%
382.6+ 17.1Fort Wayne
10%
336.8- 15.4Laredo
9%

Score Distribution

Percentile by Number Answered

Percent of People with Each Score

Your Score History

You have not taken this quiz